| 000 | 00522nam a2200181Ia 4500 | ||
|---|---|---|---|
| 003 | OSt | ||
| 005 | 20260326152705.0 | ||
| 008 | 211028s2009 xx 000 0 und d | ||
| 040 | _cAIMIT LIBRARY | ||
| 041 | _aeng | ||
| 082 | _a658.8 NAGD | ||
| 100 |
_aNagwekar, Deepti Arun;Wright, Rowena. _g716012 _96061 |
||
| 245 | _aA study on inventory management in kirloskar electric company limited , Hubli / | ||
| 260 |
_bWright, Rowena _c2009 |
||
| 600 |
_aMarketing _96062 |
||
| 650 |
_aMarketing _96063 |
||
| 942 |
_2ddc _cPRO |
||
| 999 |
_c218112 _d218112 |
||